[Event "X Open A"]
[Site "Genova ITA"]
[Date "2006.08.10"]
[Round "4"]
[White "Martinez, Rolly"]
[Black "Brun, Dario"]
[Result "1/2-1/2"]
[WhiteElo "2399"]
[BlackElo "2040"]
[PlyCount "92"]
[EventDate "2006.08.07"]

1. e4 e5 2. Nf3 Nc6 3. Bb5 f5 4. d3 fxe4 5. dxe4 Nf6 6. Qd3 Bb4+ 7. c3 Bc5 8.
b4 Bb6 9. Bc4 d6 10. a4 a6 11. Na3 Qe7 12. O-O Be6 13. Bg5 O-O 14. Nh4 Qe8 15.
Nf5 Kh8 16. Bxe6 Qxe6 17. Bxf6 Rxf6 18. Nc4 Ba7 19. b5 Ne7 20. Nxe7 Qxe7 21. b6
Bxb6 22. Nxb6 cxb6 23. Rab1 d5 24. exd5 Qc5 25. Rbd1 Rd8 26. Rd2 Rf4 27. d6
Rxa4 28. d7 Rf4 29. Rfd1 b5 30. Qg3 Qe7 31. Rd6 Rd4 32. R6xd4 exd4 33. cxd4
Rxd7 34. d5 h6 35. h3 Qe2 36. Rd4 b4 37. Qf4 Qb5 38. Qf8+ Kh7 39. Qf5+ g6 40.
Qf8 b3 41. Rb4 Qxd5 42. Rb6 Qd4 43. Qe8 Rg7 44. Qe6 Qa1+ 45. Kh2 b2 46. Qe4 Qc1
1/2-1/2

[Event "X Open A"]
[Site "Genova ITA"]
[Date "2006.08.10"]
[Round "4"]
[White "Okhotnik, Vladimir"]
[Black "Lazic, Miroljub"]
[Result "0-1"]
[WhiteElo "2485"]
[BlackElo "2477"]
[PlyCount "126"]
[EventDate "2006.08.07"]

1. Nc3 e5 2. Nf3 d6 3. d4 Nd7 4. g4 g6 5. e4 Ngf6 6. h3 Bg7 7. Be3 O-O 8. dxe5
Nxe5 9. Nxe5 dxe5 10. Qxd8 Rxd8 11. Nb5 Bd7 12. f3 b6 13. Rh2 c6 14. Na3 Be6
15. Nc4 Ne8 16. a4 Rd7 17. Rd2 Rxd2 18. Bxd2 Rd8 19. Bc3 f6 20. g5 fxg5 21.
Nxe5 Rd6 22. Rd1 a5 23. b3 Rxd1+ 24. Kxd1 Nd6 25. Kd2 c5 26. Nc6 Bxc3+ 27. Kxc3
Kf8 28. Kd2 Nf7 29. Ke3 Bd7 30. Na7 Ke7 31. f4 gxf4+ 32. Kxf4 g5+ 33. Kg3 Nd6
34. Bd3 h6 35. h4 Kf6 36. hxg5+ Kxg5 37. Kf3 Nf7 38. Ba6 Ne5+ 39. Ke3 Ng4+ 40.
Kf3 Ne5+ 41. Ke3 h5 42. Bc8 h4 43. Bxd7 Nxd7 44. Nc6 Kg4 45. e5 h3 46. e6 Nf6
47. Ne5+ Kf5 48. Nf3 Nd5+ 49. Kf2 Kxe6 50. Ng5+ Ke5 51. Nxh3 Kd4 52. c4 Nf6 53.
Nf4 Nd7 54. Kf3 Kc3 55. Ke4 Kxb3 56. Kd5 Kxa4 57. Kc6 Kb3 58. Kxd7 a4 59. Kc6
a3 60. Kxb6 Kxc4 61. Ng2 a2 62. Ne3+ Kd3 63. Nd5 Kd4 0-1

[Event "X Open A"]
[Site "Genova ITA"]
[Date "2006.08.10"]
[Round "4"]
[White "Salvador, Roland"]
[Black "Barsov, Alexei"]
[Result "1-0"]
[WhiteElo "2420"]
[BlackElo "2546"]
[PlyCount "61"]
[EventDate "2006.08.07"]

1. d4 d5 2. Nf3 Nf6 3. c4 e6 4. Nc3 dxc4 5. e4 Bb4 6. Bg5 c5 7. e5 h6 8. exf6
hxg5 9. fxg7 Rg8 10. Qc2 Qf6 11. O-O-O Bxc3 12. bxc3 Nc6 13. Bxc4 Bd7 14. d5
Qf4+ 15. Nd2 exd5 16. Rhe1+ Be6 17. Bxd5 O-O-O 18. Bxe6+ fxe6 19. Qe4 Rxg7 20.
Qxe6+ Kc7 21. g3 Qxf2 22. Ne4 Rxd1+ 23. Rxd1 Qe3+ 24. Kc2 Re7 25. Qd6+ Kb6 26.
Rb1+ Ka5 27. Nd2 Ka6 28. Rb3 c4 29. Ra3+ Kb5 30. Ra5+ Nxa5 31. a4+ 1-0

[Event "X Open A"]
[Site "Genova ITA"]
[Date "2006.08.10"]
[Round "4"]
[White "Velikov, Petar V."]
[Black "Novelli, Cristiano"]
[Result "1-0"]
[WhiteElo "2465"]
[BlackElo "2145"]
[PlyCount "67"]
[EventDate "2006.08.07"]

1. Nf3 c5 2. g3 Nc6 3. Bg2 e5 4. c4 g6 5. Nc3 Bg7 6. d3 d6 7. Nd2 Nge7 8. Nf1
Rb8 9. Ne3 Be6 10. Ned5 O-O 11. O-O a6 12. b3 b5 13. Bb2 f5 14. Qd2 Bc8 15. f4
b4 16. Nd1 Bb7 17. N1e3 h5 18. Rf2 Kh7 19. Raf1 Ng8 20. Nd1 Nf6 21. Nxf6+ Bxf6
22. Ne3 Ne7 23. Nd5 Bg7 24. e4 Bxd5 25. cxd5 Bh6 26. Qc2 h4 27. Rf3 Qb6 28. Kh1
hxg3 29. fxe5 fxe4 30. dxe4 gxh2 31. Rf7+ Kg8 32. Qf2 Nf5 33. e6 Nd4 34. e7 1-0

[Event "X Open A"]
[Site "Genova ITA"]
[Date "2006.08.11"]
[Round "5"]
[White "Berni, Mauro"]
[Black "Roatta, Luca"]
[Result "0-1"]
[WhiteElo "2078"]
[BlackElo "2151"]
[PlyCount "96"]
[EventDate "2006.08.07"]

1. Nf3 d5 2. d4 Nf6 3. e3 Bf5 4. Bd3 Ne4 5. Nc3 e6 6. O-O Nd7 7. Bxe4 dxe4 8.
Nd2 Nf6 9. f3 exf3 10. Nxf3 Be7 11. Qe2 O-O 12. e4 Bg6 13. Bf4 c5 14. d5 exd5
15. exd5 Re8 16. Qd2 Nh5 17. Be3 Bd6 18. Nb5 Rxe3 19. Qxe3 Bf4 20. Qb3 Qd7 21.
c4 a6 22. Na3 Re8 23. Rae1 Be4 24. Qd1 Qd6 25. Nb1 Qh6 26. Qe2 f5 27. Nc3 g5
28. Qf2 g4 29. Nxe4 fxe4 30. Nh4 Bxh2+ 31. Kxh2 g3+ 32. Qxg3+ Nxg3 33. Kxg3 Re5
34. Rf4 Rg5+ 35. Kh3 Re5 36. Rexe4 Rxe4 37. Rxe4 Qd2 38. Re8+ Kf7 39. Rh8 Kf6
40. g3 b5 41. cxb5 axb5 42. Rxh7 Qxd5 43. Rh6+ Kf7 44. Rh7+ Ke8 45. Ra7 Qe6+
46. g4 Qe3+ 47. Kg2 c4 48. a4 Qxa7 0-1

[Event "X Open A"]
[Site "Genova ITA"]
[Date "2006.08.11"]
[Round "5"]
[White "Bertaglia, Luca"]
[Black "Cehic, Goran"]
[Result "1-0"]
[WhiteElo "2031"]
[BlackElo "2136"]
[PlyCount "49"]
[EventDate "2006.08.07"]

1. d4 Nf6 2. c4 g6 3. Nc3 d5 4. Bg5 Ne4 5. Bf4 Nxc3 6. bxc3 Bg7 7. e3 O-O 8.
Nf3 c5 9. cxd5 cxd4 10. cxd4 Qxd5 11. Be2 Nc6 12. O-O Bf5 13. Qa4 a6 14. Rfc1
b5 15. Qd1 Rac8 16. Rc5 Qd8 17. Rac1 Qb6 18. h3 Rfd8 19. Qb3 Be6 20. Qb1 h6 21.
Bd3 Rd5 22. Rxd5 Bxd5 23. e4 Bxa2 24. Qxa2 Ra8 25. Qd5 1-0

[Event "X Open A"]
[Site "Genova ITA"]
[Date "2006.08.11"]
[Round "5"]
[White "Bontempi, Piero"]
[Black "Di Paolo, Raffaele"]
[Result "1-0"]
[WhiteElo "2318"]
[BlackElo "2334"]
[PlyCount "73"]
[EventDate "2006.08.07"]

1. e4 e6 2. d4 d5 3. Bd3 dxe4 4. Bxe4 Nf6 5. Bd3 b6 6. Nf3 Bb7 7. O-O Nbd7 8.
Re1 Be7 9. Nbd2 O-O 10. Nc4 c5 11. c3 cxd4 12. cxd4 Nd5 13. a3 Re8 14. Nce5
Nxe5 15. dxe5 Qd7 16. Ng5 h6 17. Ne4 Red8 18. Qg4 Kh8 19. Rd1 Bf8 20. Bg5 f5
21. exf6 gxf6 22. Nxf6 Qg7 23. Bxh6 Qxf6 24. Bg5 Qg7 25. Qh4+ Kg8 26. Bxd8 Rxd8
27. Qxd8 Nf4 28. g3 Nh3+ 29. Kf1 Qf7 30. f4 Qh5 31. Be2 Ba6 32. Rd3 Qc5 33. Kg2
Bb7+ 34. Kxh3 Qf5+ 35. Bg4 Qh7+ 36. Qh4 Qxd3 37. Bxe6+ 1-0

[Event "X Open A"]
[Site "Genova ITA"]
[Date "2006.08.11"]
[Round "5"]
[White "Ferretti, Folco"]
[Black "Dzhumaev, Marat"]
[Result "0-1"]
[WhiteElo "2254"]
[BlackElo "2509"]
[PlyCount "84"]
[EventDate "2006.08.07"]

1. Nf3 f5 2. d3 Nf6 3. e4 d6 4. e5 dxe5 5. Nxe5 Nbd7 6. f4 c5 7. c3 Nxe5 8.
fxe5 Nd5 9. d4 e6 10. Be2 cxd4 11. cxd4 Bb4+ 12. Kf1 O-O 13. Qd3 Bd7 14. Nc3
Qh4 15. Bd2 Bc6 16. Bf3 Rad8 17. g3 Qh3+ 18. Ke2 Bxc3 19. bxc3 f4 20. Raf1 Ne3
21. Bxe3 Bxf3+ 22. Kxf3 fxg3+ 23. Ke2 g2 24. Rxf8+ Rxf8 25. Rg1 Rf1 26. Kd2
Qxh2 27. Qb5 h6 28. Qe8+ Kh7 29. Qxe6 Qh5 30. Qb3 Qf3 31. c4 Rf2+ 32. Kc1 Re2
33. Bd2 Qf1+ 34. Qd1 Rf2 35. e6 Qxg1 36. Qxg1 Rf1+ 37. Kc2 Rxg1 38. e7 Rf1 39.
Be3 Re1 40. e8=Q g1=Q 41. Kd2 Rd1+ 42. Kc2 Qg4 0-1

[Event "X Open A"]
[Site "Genova ITA"]
[Date "2006.08.11"]
[Round "5"]
[White "Georgiev, Krum I."]
[Black "Lanzani, Mario"]
[Result "1/2-1/2"]
[WhiteElo "2485"]
[BlackElo "2331"]
[PlyCount "136"]
[EventDate "2006.08.07"]

1. e4 e5 2. Nf3 Nc6 3. Bb5 a6 4. Ba4 Nf6 5. d3 d6 6. O-O Bd7 7. c3 g6 8. Re1
Bg7 9. Nbd2 O-O 10. Nf1 Re8 11. h3 b5 12. Bc2 d5 13. Bg5 dxe4 14. dxe4 h6 15.
Bh4 Be6 16. N3d2 Qd6 17. Qf3 Nh5 18. Red1 Nf4 19. Ne3 g5 20. Bg3 Qe7 21. Bh2
Rad8 22. Ndf1 Rxd1 23. Rxd1 Bxa2 24. Ra1 Qe6 25. h4 b4 26. Ba4 Bb3 27. hxg5
hxg5 28. Nd5 g4 29. Nxf4 exf4 30. Qxf4 Bxa4 31. Rxa4 Qxe4 32. Rxa6 Qxf4 33.
Bxf4 bxc3 34. bxc3 Re6 35. Ne3 Bxc3 36. Nxg4 Bg7 37. Bxc7 Nd4 38. Ra2 Kh7 39.
g3 Nf3+ 40. Kf1 Kg6 41. Ne3 Be5 42. Bxe5 Rxe5 43. Ra4 Re4 44. Ra7 Nd4 45. Kg2
Ne6 46. Ra5 Ng5 47. Nd5 Ne6 48. f4 f5 49. Kh3 Ng7 50. Ra7 Re2 51. Ne7+ Kf6 52.
Nc6 Re6 53. Nd4 Rd6 54. Nf3 Re6 55. Ng5 Rc6 56. Kh4 Rb6 57. Nh7+ Kg6 58. Nf8+
Kh6 59. Nd7 Re6 60. Ne5 Re8 61. Rf7 Re6 62. Rf8 Kh7 63. Nf7 Kg6 64. Ne5+ Kh7
65. Kg5 Rxe5 66. fxe5 Ne6+ 67. Kxf5 Nxf8 68. e6 Nxe6 1/2-1/2

[Event "X Open A"]
[Site "Genova ITA"]
[Date "2006.08.11"]
[Round "5"]
[White "Guido, Flavio"]
[Black "Martinez, Rolly"]
[Result "1/2-1/2"]
[WhiteElo "2323"]
[BlackElo "2399"]
[PlyCount "117"]
[EventDate "2006.08.07"]

1. e4 c5 2. c3 d5 3. exd5 Qxd5 4. d4 Nf6 5. Nf3 e6 6. Na3 Qd8 7. Nc2 Be7 8. Bd3
O-O 9. O-O b6 10. Qe2 Bb7 11. Bf4 Nbd7 12. Rad1 Qc8 13. Rfe1 Rd8 14. Ne5 Nf8
15. Bg3 a6 16. Rd2 b5 17. dxc5 Qxc5 18. Red1 Rac8 19. a3 Qa7 20. Bh4 Re8 21.
Ne3 Ng6 22. Nxg6 hxg6 23. Bc2 Qa8 24. f3 Bc5 25. Bf2 Nh5 26. Ng4 Nf4 27. Qe5
Bxf2+ 28. Rxf2 Nd5 29. Ne3 f6 30. Qd4 e5 31. Qd2 Nf4 32. Bb3+ Kh7 33. Qd7 Rcd8
34. Qg4 Rxd1+ 35. Bxd1 Bc8 36. Qh4+ Kg8 37. Bb3+ Be6 38. Bxe6+ Nxe6 39. Rd2 Rd8
40. Qe1 Nf4 41. Qd1 Rxd2 42. Qxd2 Qc6 43. g3 Ne6 44. Qd5 Qb6 45. Kg2 Kh7 46.
Ng4 Nc5 47. h4 Na4 48. Qf7 Qc6 49. h5 gxh5 50. Qxh5+ Kg8 51. Qg6 Qe6 52. Nh6+
Kf8 53. Nf5 Qd7 54. Qh7 Qf7 55. Qh8+ Qg8 56. Qh4 Qc4 57. Qh8+ Qg8 58. Qh4 Qc4
59. Qh8+ 1/2-1/2

[Event "X Open A"]
[Site "Genova ITA"]
[Date "2006.08.11"]
[Round "5"]
[White "Hamperl, Fred"]
[Black "Fossati, Remigio"]
[Result "1/2-1/2"]
[WhiteElo "2025"]
[BlackElo "2203"]
[PlyCount "35"]
[EventDate "2006.08.07"]

1. e4 c5 2. Nc3 d6 3. f4 Nc6 4. Nf3 g6 5. Bc4 Bg7 6. O-O e6 7. f5 exf5 8. d3
Nge7 9. Qe1 h6 10. Nd5 Nxd5 11. Bxd5 O-O 12. exf5 Bxf5 13. Nh4 Ne7 14. Nxf5
Nxf5 15. Bxb7 Rb8 16. Be4 Nd4 17. Qf2 d5 18. Bf3 1/2-1/2

[Event "X Open A"]
[Site "Genova ITA"]
[Date "2006.08.11"]
[Round "5"]
[White "Lazic, Miroljub"]
[Black "Salvador, Roland"]
[Result "1/2-1/2"]
[WhiteElo "2477"]
[BlackElo "2420"]
[PlyCount "62"]
[EventDate "2006.08.07"]

1. Nf3 c5 2. b3 b6 3. Bb2 Bb7 4. e3 Nf6 5. c4 g6 6. Be2 Bg7 7. O-O O-O 8. d3 d6
9. Nc3 e5 10. Nd2 Nc6 11. Bf3 Qd7 12. a3 h6 13. Nde4 Nh7 14. Nb5 a6 15. Nbc3 f5
16. Nd2 Ne7 17. Bxb7 Qxb7 18. b4 g5 19. e4 f4 20. Rb1 Qd7 21. Nd5 Nxd5 22. cxd5
g4 23. f3 h5 24. Nc4 Rab8 25. bxc5 bxc5 26. Bc3 Ng5 27. fxg4 hxg4 28. Nb6 Qa7
29. Nc4 Qd7 30. Nb6 Qa7 31. Nc4 Qd7 1/2-1/2

[Event "X Open A"]
[Site "Genova ITA"]
[Date "2006.08.11"]
[Round "5"]
[White "Natoli, Domenico"]
[Black "Astengo, Marcello"]
[Result "0-1"]
[WhiteElo "1933"]
[BlackElo "2109"]
[PlyCount "79"]
[EventDate "2006.08.07"]

1. d4 d5 2. c4 c6 3. Nf3 e6 4. Nc3 dxc4 5. a4 Bb4 6. e3 b5 7. axb5 cxb5 8. Bd2
Bxc3 9. Bxc3 a5 10. b3 Bb7 11. bxc4 b4 12. Bb2 Nf6 13. Bd3 Nbd7 14. O-O O-O 15.
Bc2 Qc7 16. Nd2 Rfe8 17. f3 e5 18. d5 Nc5 19. e4 Nfd7 20. f4 f6 21. fxe5 Nxe5
22. Bd4 Bc8 23. h3 Bd7 24. Qe2 a4 25. Qe3 Nb7 26. c5 Bb5 27. Rfb1 b3 28. Bd1
Na5 29. Be2 Qb8 30. Bc3 Nac4 31. Nxc4 Nxc4 32. Qd4 Ne5 33. Bxb5 Qxb5 34. d6 Qc6
35. Qd5+ Kf8 36. Bb4 Reb8 37. Ba3 Qd7 38. Rb2 Nc6 39. Rc1 Re8 40. Rc4 0-1

[Event "X Open A"]
[Site "Genova ITA"]
[Date "2006.08.11"]
[Round "5"]
[White "Novelli, Cristiano"]
[Black "Di Lascio, Savino"]
[Result "1-0"]
[WhiteElo "2145"]
[BlackElo "2048"]
[PlyCount "83"]
[EventDate "2006.08.07"]

1. e4 c6 2. d4 d5 3. exd5 cxd5 4. c4 Nf6 5. Nc3 Nc6 6. Nf3 g6 7. cxd5 Nxd5 8.
Qb3 e6 9. Be2 Bg7 10. O-O O-O 11. Rd1 Re8 12. Bf1 Qb6 13. Qc2 Nxd4 14. Nxd4
Bxd4 15. Na4 Nb4 16. Qd2 Qd6 17. a3 Nc6 18. Nc3 e5 19. Ne4 Qd8 20. Qh6 f6 21.
Bg5 fxg5 22. Nxg5 Qf6 23. Bc4+ Be6 24. Bxe6+ Rxe6 25. Qxh7+ Kf8 26. Qh6+ Kg8
27. Qh7+ Kf8 28. Nxe6+ Qxe6 29. Rd3 e4 30. Rxd4 Nxd4 31. Qh8+ Ke7 32. Qxa8 Qb6
33. Re1 Qc6 34. Qh8 Qd5 35. Qg7+ Kd8 36. Qf8+ Kd7 37. h3 Nf5 38. Qb4 Nd4 39.
Qa4+ Ke7 40. Rd1 Ne2+ 41. Kf1 Qh5 42. Qxe4+ 1-0

[Event "X Open A"]
[Site "Genova ITA"]
[Date "2006.08.11"]
[Round "5"]
[White "Omeri, Silvan"]
[Black "De Santis, Alessio"]
[Result "0-1"]
[WhiteElo "2127"]
[BlackElo "2337"]
[PlyCount "138"]
[EventDate "2006.08.07"]

1. e4 g6 2. d4 Bg7 3. Nf3 d6 4. h3 Nd7 5. Bd3 a6 6. O-O e6 7. Bg5 Ne7 8. Qd2 h6
9. Bf4 b6 10. Na3 Bb7 11. Rfe1 g5 12. Bg3 Nf8 13. c4 Nfg6 14. Rac1 O-O 15. c5
f5 16. exf5 exf5 17. cxd6 cxd6 18. Re6 Rf6 19. Rce1 f4 20. Rxf6 Bxf6 21. Bxg6
Nxg6 22. Qd3 Kg7 23. Bh2 Bd5 24. b3 Ra7 25. Nd2 Re7 26. Rc1 b5 27. Nc2 Qc8 28.
Rd1 Rc7 29. Nb4 Rc3 30. Qb1 Bxg2 31. Kxg2 Rxh3 32. Rh1 Qg4+ 33. Kf1 f3 34. Rg1
Qxd4 35. Nd3 g4 36. Bg3 h5 37. Nxf3 gxf3 38. Bf4 Kf7 39. Rxg6 Rh4 40. Rg1 Rxf4
41. Nxf4 Qxf4 42. Rg3 h4 43. Qh7+ Ke6 44. Qg8+ Ke5 45. Qe8+ Kd4 46. Qe3+ Qxe3
47. fxe3+ Kxe3 48. Rg6 Be5 49. Rh6 Bg3 50. Re6+ Kd3 51. a4 bxa4 52. bxa4 a5 53.
Re7 h3 54. Rh7 h2 55. Rh3 Ke3 56. Rh4 Bf4 57. Rh7 Be5 58. Rh5 Bf4 59. Rh7 d5
60. Re7+ Kd3 61. Rh7 d4 62. Kf2 Ke4 63. Re7+ Be5 64. Rh7 d3 65. Rh4+ Bf4 66.
Rh7 d2 67. Rd7 h1=N+ 68. Kg1 Be3+ 69. Kxh1 Bd4 0-1

[Event "X Open A"]
[Site "Genova ITA"]
[Date "2006.08.11"]
[Round "5"]
[White "Pasquotto, Mirko"]
[Black "Astengo, Corrado"]
[Result "1/2-1/2"]
[WhiteElo "1939"]
[BlackElo "2119"]
[PlyCount "106"]
[EventDate "2006.08.07"]

1. e4 c5 2. Nf3 e6 3. d4 cxd4 4. Nxd4 a6 5. Nc3 Qc7 6. Be3 Nf6 7. Be2 Nc6 8.
O-O b5 9. a3 Bb7 10. Nb3 Ne5 11. f3 d5 12. exd5 Nxd5 13. Nxd5 Bxd5 14. a4 Nc4
15. Bxc4 bxc4 16. Nd4 Bd6 17. f4 O-O 18. Qh5 Qb7 19. Qg4 f5 20. Qe2 Qxb2 21.
Rfb1 Qc3 22. Qf2 Qa5 23. Nxf5 Rxf5 24. Bb6 Qc3 25. Bd4 Qa5 26. Bb6 Bxf4 27.
Bxa5 Bxh2+ 28. Kf1 Rxf2+ 29. Kxf2 Rf8+ 30. Ke2 Bxg2 31. Ra3 Be4 32. Rc3 Bd5 33.
Rb6 Ra8 34. Bb4 Bc7 35. a5 Bxb6 36. axb6 a5 37. Bd6 Kf7 38. Rg3 h6 39. Be5 g5
40. Rg1 a4 41. Rb1 a3 42. b7 Bxb7 43. Rxb7+ Kg6 44. Rc7 Kf5 45. Ba1 Ra4 46. Kf3
Rb4 47. Rc5+ Kg6 48. Ra5 Rb1 49. Rxa3 Rc1 50. Ra6 Rxc2 51. Rxe6+ Kf7 52. Rxh6
c3 53. Rc6 Rc1 1/2-1/2

[Event "X Open A"]
[Site "Genova ITA"]
[Date "2006.08.12"]
[Round "6"]
[White "Astengo, Corrado"]
[Black "Agrifoglio, Fabio"]
[Result "1-0"]
[WhiteElo "2119"]
[BlackElo "2005"]
[PlyCount "135"]
[EventDate "2006.08.07"]

1. e4 d6 2. d4 Nf6 3. Nc3 g6 4. g3 Bg7 5. Bg2 O-O 6. Nge2 Nbd7 7. O-O c5 8. d5
Rb8 9. a4 b6 10. Re1 a6 11. b3 b5 12. axb5 axb5 13. Bb2 Qb6 14. Ra2 Ne5 15. h3
g5 16. Nc1 g4 17. h4 c4 18. Nb1 Qb7 19. Bxe5 dxe5 20. bxc4 bxc4 21. Nd2 c3 22.
Ndb3 Bd7 23. Nd3 Bb5 24. Ndc5 Qb6 25. Qa1 Rfc8 26. Qxc3 Nd7 27. Nxd7 Bxd7 28.
Qa5 Qxa5 29. Nxa5 Rc3 30. Bf1 f5 31. exf5 Ra8 32. Rea1 Rf8 33. Nc4 Bxf5 34. Ne3
e4 35. Ra8 Bc8 36. R1a3 h5 37. R3a4 Be5 38. Rxe4 Bd6 39. Bd3 Bd7 40. Rxf8+ Kxf8
41. Rc4 Ra3 42. Bg6 Bxg3 43. Bxh5 Bxh4 44. Bxg4 Bxg4 45. Rxg4 Bf6 46. c4 Ra1+
47. Kg2 Rc1 48. Kf3 Ke8 49. Re4 Kd7 50. Ke2 Rc3 51. Kd2 Ra3 52. c5 Ra2+ 53. Nc2
Ra5 54. Rc4 Bg5+ 55. Kd3 Kc7 56. Ke4 Bh4 57. f4 Bf2 58. Nd4 Ra1 59. Ne6+ Kc8
60. Rc2 Ra4+ 61. Ke5 Bh4 62. Rh2 Bf6+ 63. Kf5 Kb7 64. Rh8 Rc4 65. c6+ Kb6 66.
c7 Rxc7 67. Nxc7 Kxc7 68. Ke6 1-0

[Event "X Open A"]
[Site "Genova ITA"]
[Date "2006.08.12"]
[Round "6"]
[White "Astengo, Marcello"]
[Black "Ferretti, Folco"]
[Result "0-1"]
[WhiteElo "2109"]
[BlackElo "2254"]
[PlyCount "74"]
[EventDate "2006.08.07"]

1. d4 Nf6 2. c4 e6 3. Nc3 Bb4 4. Qc2 O-O 5. Bg5 c5 6. e3 cxd4 7. exd4 h6 8. Bh4
d5 9. Nf3 dxc4 10. Bxc4 Nbd7 11. O-O Nb6 12. Bb3 Be7 13. Rac1 Bd7 14. Ne5 Rc8
15. Qe2 Nfd5 16. Nxd5 Bxh4 17. Nxb6 axb6 18. d5 exd5 19. Bxd5 Qe7 20. Rce1 Bc6
21. Qf3 Bxd5 22. Qxd5 Rc5 23. Qd4 Rd8 24. Qf4 Bg5 25. Qg3 Qf6 26. Nf3 Bf4 27.
Qg4 Rc2 28. Re4 Bd6 29. Rfe1 Bc5 30. Re8+ Rxe8 31. Rxe8+ Kh7 32. Qe4+ Qg6 33.
Qxg6+ Kxg6 34. Ne5+ Kh7 35. Nd3 Rd2 36. Ne1 Rxf2 37. Nd3 Re2+ 0-1

[Event "X Open A"]
[Site "Genova ITA"]
[Date "2006.08.12"]
[Round "6"]
[White "De Santis, Alessio"]
[Black "Barsov, Alexei"]
[Result "1/2-1/2"]
[WhiteElo "2337"]
[BlackElo "2546"]
[PlyCount "112"]
[EventDate "2006.08.07"]

1. d4 Nf6 2. c4 e6 3. Nc3 Bb4 4. f3 Nc6 5. e4 d5 6. cxd5 exd5 7. e5 Ng8 8. f4
Nh6 9. Nf3 Bg4 10. Be2 Nf5 11. O-O Ba5 12. Ng5 Bxe2 13. Nxe2 Bb6 14. Nf3 h5 15.
Qd3 Qd7 16. a3 a5 17. Bd2 a4 18. Rae1 Kd8 19. Bc3 h4 20. Rf2 Kc8 21. g4 hxg3
22. hxg3 Kb8 23. Rg2 Ka7 24. Kf2 f6 25. Rf1 Na5 26. Bxa5 Bxa5 27. Nc3 Nh6 28.
Qb5 Qh3 29. Rfg1 Bxc3 30. bxc3 Qf5 31. Qb1 Ng4+ 32. Ke2 Qh5 33. Qb5 Kb8 34. Rb1
Ra7 35. Qxd5 Qf5 36. Nd2 fxe5 37. fxe5 Nf6 38. Qf3 Qe6 39. Rf2 c6 40. Kd3 Ng4
41. Re2 b5 42. Re4 Nh6 43. Rf4 Rd8 44. Rf8 Rad7 45. Rxd8+ Rxd8 46. Kc2 Nf5 47.
Qd3 Rh8 48. g4 Ne7 49. c4 Rd8 50. Ne4 Qxg4 51. Nd6 Qg2+ 52. Kc3 Rf8 53. Rb2 Qh1
54. Rb1 Qg2 55. Rb2 Qh1 56. Rb1 Qg2 1/2-1/2

[Event "X Open A"]
[Site "Genova ITA"]
[Date "2006.08.12"]
[Round "6"]
[White "Di Paolo, Raffaele"]
[Black "Roatta, Luca"]
[Result "1-0"]
[WhiteElo "2334"]
[BlackElo "2151"]
[PlyCount "47"]
[EventDate "2006.08.07"]

1. e4 c6 2. d4 d5 3. Nc3 dxe4 4. Nxe4 Nd7 5. Ng5 Ngf6 6. Bd3 e6 7. Qe2 Be7 8.
N1f3 O-O 9. h4 c5 10. c3 cxd4 11. cxd4 Nb6 12. Nxh7 Re8 13. Nxf6+ Bxf6 14. Bg5
Nd5 15. Ne5 Nb4 16. Rd1 Nxd3+ 17. Rxd3 Bxg5 18. hxg5 Qa5+ 19. Kf1 Kf8 20. Qf3
Ke7 21. Qxf7+ Kd8 22. d5 Qb5 23. a4 Qa6 24. d6 1-0

[Event "X Open A"]
[Site "Genova ITA"]
[Date "2006.08.12"]
[Round "6"]
[White "Martinez, Rolly"]
[Black "Bertaglia, Luca"]
[Result "1-0"]
[WhiteElo "2399"]
[BlackElo "2031"]
[PlyCount "35"]
[EventDate "2006.08.07"]

1. e4 c5 2. Nf3 e6 3. c3 Nf6 4. e5 Nd5 5. d4 cxd4 6. cxd4 d6 7. Bd3 dxe5 8.
Nxe5 Nc6 9. Nxc6 bxc6 10. O-O Be7 11. Nc3 Bf6 12. Be3 Nxc3 13. bxc3 O-O 14. Qf3
Bd7 15. Bf4 Qa5 16. Rfb1 c5 17. Rb7 Ba4 18. Bc7 1-0

[Event "X Open A"]
[Site "Genova ITA"]
[Date "2006.08.12"]
[Round "6"]
[White "Okhotnik, Vladimir"]
[Black "Novelli, Cristiano"]
[Result "1-0"]
[WhiteElo "2485"]
[BlackElo "2145"]
[PlyCount "59"]
[EventDate "2006.08.07"]

1. e4 e5 2. Nf3 Nc6 3. Bc4 Bc5 4. d3 d6 5. c3 Nf6 6. b4 Bb6 7. a4 a5 8. Qb3 O-O
9. b5 Nb8 10. O-O h6 11. Nbd2 c6 12. bxc6 bxc6 13. Ba3 Bg4 14. d4 Bxf3 15. Nxf3
Nxe4 16. Rae1 Ng5 17. Nxg5 hxg5 18. dxe5 d5 19. Bxf8 dxc4 20. Qb1 Kxf8 21. Rd1
Qc7 22. Qh7 Ra7 23. Qh8+ Ke7 24. Qxg7 Nd7 25. Rd6 Rb7 26. Rfd1 Nc5 27. Rf6 Nd3
28. Qxf7+ Kd8 29. Qf8+ Kd7 30. e6# 1-0

[Event "X Open A"]
[Site "Genova ITA"]
[Date "2006.08.12"]
[Round "6"]
[White "Salvador, Roland"]
[Black "Bontempi, Piero"]
[Result "1-0"]
[WhiteElo "2420"]
[BlackElo "2318"]
[PlyCount "85"]
[EventDate "2006.08.07"]

1. c4 e5 2. Nc3 Nf6 3. Nf3 Nc6 4. e3 Be7 5. a3 d5 6. cxd5 Nxd5 7. Bb5 Bf6 8.
Qa4 O-O 9. Bxc6 bxc6 10. O-O Nxc3 11. dxc3 Qd5 12. c4 Qc5 13. Bd2 Re8 14. e4
Be6 15. Rac1 Qb6 16. Rc2 Bd7 17. Be3 Qb7 18. h3 Re6 19. Qa5 Bc8 20. Rd1 h6 21.
Rcd2 Re8 22. Rc1 c5 23. Qb5 Re6 24. Rd5 Rb6 25. Qxc5 Rxb2 26. Nxe5 Be6 27. Ng4
Bxd5 28. Nxf6+ gxf6 29. exd5 Rb1 30. Qd4 Re8 31. Qg4+ Kh8 32. Qf4 Rxc1+ 33.
Bxc1 Qb1 34. Kh2 Kg8 35. Be3 Re5 36. Qxf6 Qf5 37. Qd8+ Kh7 38. Qxc7 Re8 39. Qd6
Rc8 40. c5 h5 41. Qh6+ Kg8 42. Bd4 f6 43. Bxf6 1-0

[Event "X Open A"]
[Site "Genova ITA"]
[Date "2006.08.12"]
[Round "6"]
[White "Velikov, Petar V."]
[Black "Georgiev, Krum I."]
[Result "1/2-1/2"]
[WhiteElo "2465"]
[BlackElo "2485"]
[PlyCount "33"]
[EventDate "2006.08.07"]

1. d4 Nf6 2. Nf3 c5 3. c3 e6 4. Bg5 b6 5. e3 Bb7 6. Bd3 Be7 7. O-O O-O 8. Nbd2
Nc6 9. Qe2 a6 10. a3 d6 11. Rac1 b5 12. e4 e5 13. d5 Nb8 14. c4 b4 15. axb4
cxb4 16. Bxf6 Bxf6 17. c5 1/2-1/2

[Event "X Open A"]
[Site "Genova ITA"]
[Date "2006.08.12"]
[Round "7"]
[White "Barsov, Alexei"]
[Black "Di Paolo, Raffaele"]
[Result "1-0"]
[WhiteElo "2546"]
[BlackElo "2334"]
[PlyCount "93"]
[EventDate "2006.08.07"]

1. d4 Nf6 2. c4 g6 3. Nf3 Bg7 4. g3 O-O 5. Bg2 d6 6. O-O Nbd7 7. Nc3 e5 8. h3
c6 9. e4 Re8 10. Re1 a5 11. b3 exd4 12. Nxd4 Nc5 13. Bf4 Nh5 14. Be3 Qe7 15.
Qc2 Ne6 16. Rad1 Nxd4 17. Bxd4 Be5 18. Re3 g5 19. Ne2 Qf6 20. Red3 a4 21. Be3
axb3 22. axb3 Kh8 23. Nd4 Rg8 24. Nf3 Nf4 25. Rxd6 Nxg2 26. Rxf6 Nxe3 27. fxe3
Bxf6 28. e5 Be7 29. g4 c5 30. Nd2 h5 31. Ne4 hxg4 32. Rf1 Rg7 33. hxg4 Rh7 34.
Nd6 Be6 35. Nf5 Bf8 36. Qg2 Kg8 37. Qxb7 Ra2 38. Rf2 Ra1+ 39. Rf1 Ra2 40. Rf2
Ra1+ 41. Kg2 Rb1 42. Ne7+ Kg7 43. Nd5 Rhh1 44. Kf3 Rbe1 45. Ke4 Rd1 46. Rf6 Kh8
47. Rxf7 1-0

[Event "X Open A"]
[Site "Genova ITA"]
[Date "2006.08.12"]
[Round "7"]
[White "Bertaglia, Luca"]
[Black "Manfredi, Vincenzo"]
[Result "1/2-1/2"]
[WhiteElo "2031"]
[BlackElo "2153"]
[PlyCount "91"]
[EventDate "2006.08.07"]

1. d4 Nf6 2. c4 g6 3. Nc3 Bg7 4. e4 d6 5. Nf3 O-O 6. Be2 c5 7. O-O cxd4 8. Nxd4
Nc6 9. Be3 Bd7 10. Qd2 Nxd4 11. Bxd4 Bc6 12. f3 a5 13. b3 Nd7 14. Be3 Nc5 15.
Rab1 Qb6 16. Nb5 Rfc8 17. Rfd1 Qd8 18. Nd4 Bd7 19. Qe1 Qf8 20. Qh4 Bf6 21. Qe1
Qg7 22. Qd2 h5 23. Kh1 Kh7 24. a3 Ne6 25. Nxe6 Bxe6 26. Bf1 Bc3 27. Qf2 Qf8 28.
a4 Bb4 29. f4 Bc5 30. Bd3 Qh6 31. Bxc5 Rxc5 32. e5 Bg4 33. Re1 Kg8 34. exd6
exd6 35. Re7 Bf5 36. Bxf5 Rxf5 37. g3 d5 38. Qd4 Qg7 39. Qxg7+ Kxg7 40. Rd7
dxc4 41. bxc4 Rc8 42. Rd4 Rc7 43. Kg2 Rfc5 44. Rb5 Rxb5 45. cxb5 Rc3 46. Rd7
1/2-1/2

[Event "X Open A"]
[Site "Genova ITA"]
[Date "2006.08.12"]
[Round "7"]
[White "Brun, Dario"]
[Black "Astengo, Corrado"]
[Result "1-0"]
[WhiteElo "2040"]
[BlackElo "2119"]
[PlyCount "65"]
[EventDate "2006.08.07"]

1. d4 d5 2. c4 c6 3. Nc3 Nf6 4. Nf3 dxc4 5. e4 b5 6. e5 Nd5 7. a4 Nxc3 8. bxc3
Bf5 9. axb5 cxb5 10. Ng5 e6 11. g4 Bg6 12. Bg2 Nd7 13. h4 h5 14. Bc6 Rc8 15.
Bxb5 Qc7 16. gxh5 Rxh5 17. Qa4 Be7 18. Qxa7 Kd8 19. Qxc7+ Rxc7 20. Ra8+ Rc8 21.
Rxc8+ Kxc8 22. Bxc4 Kc7 23. Be2 Rh8 24. Bf3 Bh5 25. Bxh5 Rxh5 26. Nxf7 Bxh4 27.
Ke2 g6 28. Bg5 Rxg5 29. Rxh4 Rf5 30. Nh6 Rh5 31. Rxh5 gxh5 32. Nf7 Nf8 33. Ng5
1-0